000 00683nam a22001817a 4500
005 20170630161952.0
010 _aENG-118872
020 _a9789386296832
_c85.00
035 _aEN-102404
037 _bDBAD/PUB
082 _a485
245 _aEnglish in use :
_ba course in communication skills and soft skills-1 /
260 _aTelangana
_bOrient Blackswan
_c2016
270 _a3-6-752 Himayatnagar, Hyderabad-500029, Telangana, India
300 _a119p
_c24cm.(pbk)
505 _aPrepared for semester II, foundation course 4 communication skills and soft skills-1 (CSS-1) as per the revised andhra pradesh common core syllabus
942 _2ddc
_cEN
_h485
_mENG
999 _c141400
_d141400